ბათუმის შოთა რუსთაველის სახელმწიფო უნივერსიტეტის ბიბლიოთეკა

Ремесленники Древнего Рима : (ბიბ.ჩანაწერი № 60919)

000 -LEADER
fixed length control field 00866nam a22001817a 4500
005 - DATE AND TIME OF LATEST TRANSACTION
control field 20231117164132.0
008 - FIXED-LENGTH DATA ELEMENTS--GENERAL INFORMATION
fixed length control field 231117s1968 ru ||||| |||| 00| 0 rus d
041 ## - LANGUAGE CODE
Language code of text/sound track or separate title rus
080 ## - UNIVERSAL DECIMAL CLASSIFICATION NUMBER
Universal Decimal Classification number 94(37) C-32
100 ## - MAIN ENTRY--PERSONAL NAME
Personal name Сергеенко, М.Е.
9 (RLIN) 20428
245 ## - TITLE STATEMENT
Title Ремесленники Древнего Рима :
Remainder of title Очерки /
Statement of responsibility, etc. М. Е. Сергеенко; Академия наук СССР. Ленинградское отделение Института истории.
264 ## - PRODUCTION, PUBLICATION, DISTRIBUTION, MANUFACTURE, AND COPYRIGHT NOTICE
Place of production, publication, distribution, manufacture Ленинград :
Name of producer, publisher, distributor, manufacturer Наука,
Date of production, publication, distribution, manufacture, or copyright notice 1968.
300 ## - PHYSICAL DESCRIPTION
Extent 152 с.:
Other physical details ил.;
Dimensions 22 см.
653 ## - INDEX TERM--UNCONTROLLED
keyword ძველი რომის ხელოსნები
653 ## - INDEX TERM--UNCONTROLLED
keyword ნარკვევები
710 ## - ADDED ENTRY--CORPORATE NAME
Corporate name or jurisdiction name as entry element Академия наук СССР
Date of meeting or treaty signing Ленинградское отделение Института истории.
9 (RLIN) 20429
942 ## - ADDED ENTRY ELEMENTS (KOHA)
Source of classification or shelving scheme
Koha item type წიგნი
ეგზემპლარები
Withdrawn status Lost status Source of classification or shelving scheme Damaged status Not for loan Permanent Location Current Location Shelving location Date acquired Cost, normal purchase price Full call number Barcode Date last seen Copy number Uniform Resource Identifier Price effective from Koha item type Public note
          ბათუმის შოთა რუსთაველის სახელმწიფო უნივერსიტეტის მთავარი ბიბლიოთეკა ბათუმის შოთა რუსთაველის სახელმწიფო უნივერსიტეტის მთავარი ბიბლიოთეკა წიგნსაცავი 2023-11-17 5.00 94(37) C-32 65471 2023-11-17 65471 ბსუ-ს საპატიო დოქტორის გურამ ლორთქიფანიძის საჩუქარი 2023-11-17 წიგნი 5 ლ.